| 000 | 00597nam a22002057a 4500 | ||
|---|---|---|---|
| 005 | 20180803121947.0 | ||
| 010 | _aB-701147 | ||
| 020 |
_a9789332536739 _c589.00 |
||
| 035 | _aB-701147 | ||
| 037 | _bPearson | ||
| 082 | _a150 | ||
| 100 | _aSolso, Robert L. | ||
| 245 |
_aCognitive Psychology/ _cRobert L. Solso, Otto H. Maclin [and] M. kimberly Maclin |
||
| 250 | _a8th ed. | ||
| 260 |
_aNoida _bPearson _c2014 |
||
| 300 |
_a516p. _c22cm(Pbk) |
||
| 700 | _a Maclin, Otto H. , Maclin, M. kimberly | ||
| 942 |
_2ddc _cEN _h150 _mSOL |
||
| 999 |
_c155344 _d155344 |
||